| 000 | 01048cam a22002651 4500 | ||
|---|---|---|---|
| 001 | gs 63000162 | ||
| 003 | DLC | ||
| 005 | 20260227111412.0 | ||
| 008 | 761028s1962 dcuabd b f000 0 eng | ||
| 010 | _ags 63000162 | ||
| 035 | _a(OCoLC)2537212 | ||
| 040 |
_aDLC _cOClU _dISS _dOCoLC _dDLC |
||
| 042 | _apremarc | ||
| 050 | 0 | 0 |
_aQE75 _b.P9 no. 376 |
| 086 | 0 | _aI 19.16:376 | |
| 100 | 1 |
_aBuddington, A. F. _q(Arthur Francis), _d1890- |
|
| 245 | 1 | 0 |
_aRegional geology of the St. Lawrence County magnetite district, northwest Adirondacks, New York, _cby A. F. Buddington and B. F. Leonard. |
| 260 |
_aWashington, _bU.S. Govt. Print. Off., _c1962 [i.e. 1961] |
||
| 300 |
_a145 p. _billus., maps (part col.) diagrs., profiles, tables. _c29 cm. |
||
| 410 | 2 | 0 |
_aGeological Survey (U.S.). _tProfessional paper, _v376 |
| 500 | _aPart of illustrative matter folded in pocket. | ||
| 504 | _aBibliography: p. 136-138. | ||
| 650 | 0 |
_aGeology _zNew York (State) _zSaint Lawrence County. |
|
| 700 | 1 |
_aLeonard, B. F. _q(Benjamin Franklin), _d1921- _ejoint author. |
|
| 999 |
_c29682 _d29682 |
||